000 00291nam a22001337a 4500
008 170605b xxu||||| |||| 00| 0 eng d
020 _a0500277532
041 _aeng
080 _a93
100 _a18
101 _aSHH
245 _aNINETEENTH CENTURY ART
_cEISENMAN, S.F
942 _2udc
_cBK
999 _c15961
_d15961